MARC

LEADER 00000nam0a2200000 4500
001 285050
005 20231101235745.0
035 |a (RuTPU)RU\TPU\book\309251 
090 |a 285050 
100 |a 20150219d1984 m y0rusy50 ca 
101 0 |a rus 
102 |a UA 
105 |a a j 001zy 
200 1 |a Координационная химия  |e учебное пособие для студентов химических факультетов университетов  |f В. В. Скопенко, В. В. Григорьева 
210 |a Киев  |c Вища школа  |d 1984 
215 |a 232 с.  |c ил. 
225 1 |a Практикум 
320 |a Библиогр.: с. 228-231 
606 1 |a Комплексные соединения  |2 stltpush  |3 (RuTPU)RU\TPU\subj\15019  |9 41320 
610 1 |a координационная химия 
610 1 |a координационные соединения 
610 1 |a химические реакции 
610 1 |a синтез 
610 1 |a растворы 
610 1 |a комплексообразование 
610 1 |a состав 
610 1 |a устойчивость 
610 1 |a строение 
610 1 |a учебные пособия 
675 |a 546-386(075.8)  |v 3 
700 1 |a Скопенко  |b В. В.  |g Виктор Васильевич 
701 1 |a Григорьева  |b В. В.  |g Валентина Владимировна 
801 1 |a RU  |b 63413507  |c 20150219 
801 2 |a RU  |b 63413507  |c 20171108  |g RCR 
942 |c BK